02114nam a2200409 a 4500001001200000003000800012006001900020007001500039008004100054010001700095020003600112020003500148040002100183035002100204050002700225082002500252245011000277260005600387300002500443500020600468504006400674533015200738650008600890650008200976650007101058650006701129650007501196651005201271651004901323651006101372651005701433655002901490700002501519710001701544856012601561999001701687ebr10064718CaPaEBRm u cr cn|||||||||000906s2001 caua sb s101 0 eng  z 00046711  z0520225732 (cloth : alk. paper) z0520228502 (pbk. : alk. paper) aCaPaEBRcCaPaEBR a(OCoLC)61462093914aF128.9.W54bI85 2001eb04a305.896/9729074722100aIslands in the cityh[electronic resource] :bWest Indian migration to New York /cedited by Nancy Foner. aBerkeley :bUniversity of California Press,cc2001. aviii, 304 p. :bill. aBased on a conference entitled West Indian migration to New York : historical, contemporary, and transnational perspectives, which was held at the Research Institute for the Study of Man in April 1999. aIncludes bibliographical references (p. 277-295) and index. aElectronic reproduction.bPalo Alto, Calif. :cebrary,d2013.nAvailable via World Wide Web.nAccess may be limited to ebrary affiliated libraries. 0aWest Indian AmericanszNew York (State)zNew YorkxSocial conditionsvCongresses. 0aWest Indian AmericansxRace identityzNew York (State)zNew YorkvCongresses. 0aBlackszNew York (State)zNew YorkxSocial conditionsvCongresses. 0aBlacksxRace identityzNew York (State)zNew YorkvCongresses. 0aImmigrantszNew York (State)zNew YorkxSocial conditionsvCongresses. 0aNew York (N.Y.)xSocial conditionsvCongresses. 0aNew York (N.Y.)xRace relationsvCongresses. 0aNew York (N.Y.)xEmigration and immigrationvCongresses. 0aWest IndiesxEmigration and immigrationvCongresses. 7aElectronic books.2local1 aFoner, Nancy,d1945-2 aebrary, Inc.40uhttp://site.ebrary.com/lib/rucke/Doc?id=10064718zAn electronic book accessible through the World Wide Web; click to view c48227d48227